आलोचना की जमीन; (Record no. 57220)

MARC details
000 -LEADER
fixed length control field 02567nam a22003497a 4500
005 - DATE AND TIME OF LATEST TRANSACTION
control field 2010101908158.0
008 - FIXED-LENGTH DATA ELEMENTS--GENERAL INFORMATION
fixed length control field 101019t xxu||||| |||| 00| 0 hin d
010 ## - LCCN (DPL NO)
LC control number HIN-94116 B-471372-375
020 ## - INTERNATIONAL STANDARD BOOK NUMBER
Terms of availability 450.00
International Standard Book Number 9788176753234
035 ## - SYSTEM CONTROL NUMBER
System control number HN-66462 B-471372-375
037 ## - SOURCE OF ACQUISITION
Source of stock number/acquisition DBAD / PUB
037 ## - SOURCE OF ACQUISITION
Source of stock number/acquisition के.के.पब्लिकेशंस
040 ## - CATALOGING SOURCE
Original cataloging agency DPL
Language of cataloging HN
082 ## - DEWEY DECIMAL CLASSIFICATION NUMBER
Classification number 820.8
100 ## - MAIN ENTRY--PERSONAL NAME
9 (RLIN) 23632
Personal name शाही,विनोद
245 ## - TITLE STATEMENT
Title आलोचना की जमीन;
Statement of responsibility, etc विनोद शाही
Remainder of title एक उत्तर-उपनिवेशवादी मीमांसा /
260 ## - PUBLICATION, DISTRIBUTION, ETC. (IMPRINT)
Place of publication, distribution, etc हरियाणा
Name of publisher, distributor, etc आधार प्रकाशन
Date of publication, distribution, etc 2011
270 ## - ADDRESS
Address एस.सी.एफ. 267,सेक्टर-16 पंचकुला
City हरियाणा
Telephone number 134113
Postal code 0172-2566952, 2520244
Electronic mail address aadhar-prakashan@yahoo.com
300 1# - PHYSICAL DESCRIPTION
Extent 336पृ
Dimensions 22सेमी (सजिल्द)
650 ## - SUBJECT ADDED ENTRY--TOPICAL TERM
9 (RLIN) 657
650 ## - SUBJECT ADDED ENTRY--TOPICAL TERM
9 (RLIN) 34273
700 ## - ADDED ENTRY--PERSONAL NAME
9 (RLIN) 34278
710 ## - ADDED ENTRY--CORPORATE NAME
9 (RLIN) 34811
710 ## - ADDED ENTRY--CORPORATE NAME
9 (RLIN) 35049
942 ## - ADDED ENTRY ELEMENTS (KOHA)
Source of classification or shelving scheme Dewey Decimal Classification
Item type Hindi Books
Classification part 820.8
Call number suffix शाहीवि
Holdings
Withdrawn status Lost status Source of classification or shelving scheme Damaged status Not for loan Collection code Home library Current library Date acquired Source of acquisition Cost, normal purchase price Total Checkouts Full call number Barcode Date last seen Copy number Cost, replacement price Koha item type
    Dewey Decimal Classification     Non-fiction Bawana Bawana 03/07/2012 के.के.पब्लिकेशंस/1885/24.03.12/35/20.03.12/29.03.12 450.00   820.8 शाहीवि B-471375 03/07/2012 1 450.00 Hindi Books
    Dewey Decimal Classification     Non-fiction Central Library Central Library 03/07/2012 के.के.पब्लिकेशंस/1885/24.03.12/35/20.03.12/29.03.12 450.00   820.8 शाहीवि B-471372 03/07/2012 1 450.00 Hindi Books
    Dewey Decimal Classification     Non-fiction D.B.Act.Division D.B.Act.Division 03/10/2011 DBAD/PUB 450.00   820.92 शाहीवि HN-66462 03/10/2011 1 450.00 Hindi Books
    Dewey Decimal Classification     Non-fiction Patel Nagar Patel Nagar 03/07/2012 के.के.पब्लिकेशंस/1885/24.03.12/35/20.03.12/29.03.12 450.00   820.8 शाहीवि B-471373 03/07/2012 1 450.00 Hindi Books
    Dewey Decimal Classification     Non-fiction Sarojini Nagar Sarojini Nagar 03/07/2012 के.के.पब्लिकेशंस/1885/24.03.12/35/20.03.12/29.03.12 450.00   820.8 शाहीवि B-471374 03/07/2012 1 450.00 Hindi Books

© Delhi Public Library
Hit Counter
free hit counter